| 000 | 00490aam a2200181 4500 | ||
|---|---|---|---|
| 005 | 20191004104107.0 | ||
| 008 | 150417b xxu||||| |||| 00| 0 spa d | ||
| 041 | _aspa | ||
| 082 | _a398.207.286.1 C965c | ||
| 245 | _aCuentos tradicionales afrolimonenses | ||
| 260 |
_aCosta Rica _bEUCR _c1995 |
||
| 300 | _a242 páginas | ||
| 650 |
_aCUENTOS TRADICIONALES _922712 |
||
| 650 |
_aLIMÓN _94425 |
||
| 650 |
_aFOLCLÓR COSTARRICENSE _97437 |
||
| 650 |
_aAFROLIMONENSES _956280 |
||
| 942 | _cBK | ||
| 999 |
_c12388 _d12388 |
||